000 00492pab a2200181 454500
008 180718b1999 xxu||||| |||| 00| 0 eng d
100 _aRickson, Sarah Tufts
245 _aRural women and decision making: women's role in resource management during rural restructuring
260 _c1999
300 _ap.234-50
362 _aJun
650 _aDecision making
650 _aRural women
650 _aWomen
700 _aDaniels, Peter L.
773 _aRural Sociology
909 _a43340
999 _c43340
_d43340